Score 0/42 Timer 06:00
0 Plays Today
% Correct
Beyoncé (Listen)
78.1%
Robbie Williams (Angels)
68.9%
Robbie Williams (She's the One)
68.9%
Robbie Williams (Angels)
63.4%
Nicole Scherzinger (The Greatest Love of All)
58.5%
Nicole Scherzinger (Make You Feel My Love)
58.5%
Nicole Scherzinger (And I Am Telling You I'm Not Going)
58.5%
Gary Barlow (She's Always a Woman)
55.7%
Gary Barlow (Rule the World)
55.7%
Tulisa (If I Ain't Got You/Empire State of Mind)
55.2%
Westlife (That's Life)
54.6%
Nicole Scherzinger (Purple Rain)
54.3%
Westlife (Flying Without Wings)
54.1%
George Michael (Don't Let the Sun Go Down on Me)
50.3%
Rihanna (Unfaithful)
47.5%
Take That (A Million Love Songs)
47%
Rita Ora (And I Am Telling You I'm Not Going)
40.8%
will.i.am (Where Is the Love?/I Gotta Feeling)
39.9%
Kelly Rowland (River Deep – Mountain High)
36.6%
Leona Lewis (One More Sleep)
31.7%
Michael Bublé (Feeling Good)
31.1%
% Correct
Kylie Minogue (Better the Devil You Know)
28.4%
Ellie Goulding (Anything Could Happen)
28.4%
Paloma Faith (Roots)
28.3%
Boyzone (Picture of You)
27.9%
Ed Sheeran (Thinking Out Loud)
27.9%
James Arthur (The Power of Love)
26.8%
Christina Aguilera (Beautiful)
26.2%
Craig David and Fuse ODG (Re-Rewind)
26%
Shane Filan (Flying Without Wings)
25.7%
Ella Henderson (Ghost)
25.7%
Clean Bandit and Louisa Johnson (Tears)
25.4%
Rod Stewart (The First Cut Is the Deepest)
24.9%
Wyclef Jean (Dimelo)
23.3%
Katherine Jenkins (You Raise Me Up)
22.4%
Jason Donovan (Any Dream Will Do)
20.8%
Labrinth (Beneath Your Beautiful)
20.2%
Adam Lambert (Bohemian Rhapsody)
18.8%
Kaiser Chiefs (I Predict a Riot)
17.1%
Emeli Sandé (Beneath Your Beautiful)
17.1%
Tom Walker (Leave a Light On)
17.1%
Tokio Myers (Fastlove)
11.7%
Remove Ads.
Support Sporcle.
Get the best of Sporcle when you Go Orange. This ad-free experience offers more features, more stats, and more fun while also helping to support Sporcle. Thank you for becoming a member.

You're not logged in!

Compare scores with friends on all Sporcle quizzes.
OR
Log In

Show Comments

Extras

Top Quizzes Today


Score Distribution

Your Account Isn't Verified!

In order to create a playlist on Sporcle, you need to verify the email address you used during registration. Go to your Sporcle Settings to finish the process.

Report this User

Report this user for behavior that violates our Community Guidelines.

Details: